The Long Shadow of 9/11 (Record no. 352687)
[ view plain ]
| 000 -LEADER | |
|---|---|
| fixed length control field | 00520nam a2200121Ia 4500 |
| 008 - FIXED-LENGTH DATA ELEMENTS--GENERAL INFORMATION | |
| fixed length control field | 171212s9999 xx 000 0 und d |
| 020 ## - INTERNATIONAL STANDARD BOOK NUMBER | |
| International Standard Book Number | 9780833058331 |
| 245 ## - TITLE STATEMENT | |
| Statement of responsibility, etc | editor Jenkins, Brian Michael;Godges, John |
| Title | The Long Shadow of 9/11 |
| Remainder of title | America's Response to Terrorism |
| 260 ## - PUBLICATION, DISTRIBUTION, ETC. (IMPRINT) | |
| Name of publisher, distributor, etc | RAND Corporation |
| Date of publication, distribution, etc | 2011 |
| 650 ## - SUBJECT ADDED ENTRY--TOPICAL TERM | |
| Topical term or geographic name as entry element | Political Science |
| 650 ## - SUBJECT ADDED ENTRY--TOPICAL TERM | |
| Topical term or geographic name as entry element | Terrorism -- United States -- Prevention; War on Terrorism, 2001-2009; United States -- Military policy -- 21st century |
| 856 ## - ELECTRONIC LOCATION AND ACCESS | |
| Uniform Resource Identifier | <a href="www.jstor.org/stable/10.7249/mg1107rc">www.jstor.org/stable/10.7249/mg1107rc</a> |
| Withdrawn status | Lost status | Damaged status | Home library | Current library | Date acquired | Total Checkouts | Full call number | Date last seen | Price effective from | Koha item type |
|---|---|---|---|---|---|---|---|---|---|---|
| College Library | College Library | 12/12/2017 | HV6432.L64 2011 | 12/12/2017 | 12/12/2017 | Curriculum - Based eBooks |